[Event "Buenos Aires U2200 op"]
[Site "Buenos Aires"]
[Date "2018.08.03"]
[Round "1.4"]
[White "Ini Orzabal, Joshua"]
[Black "Villarreal, Agustin"]
[Result "1-0"]
[WhiteElo "1645"]
[BlackElo "1850"]
[PlyCount "73"]
[EventDate "2018.08.03"]
[EventType "swiss"]
[EventRounds "6"]
[EventCountry "ARG"]
[SourceTitle "EXT 2024"]
[Source "ChessBase"]
[SourceDate "2023.10.10"]
[SourceVersion "1"]
[SourceVersionDate "2023.10.10"]
[SourceQuality "1"]

1. e4 e5 2. Nf3 Nc6 3. d4 exd4 4. Nxd4 Nf6 5. Nxc6 bxc6 6. Bd3 Be7 7. Bg5 Nxe4 8. Bxe7 Qxe7 9. Bxe4 Qxe4+ 10. Qe2 Qxe2+ 11. Kxe2 Ba6+ 12. Kd2 0-0 13. Nc3 Rae8 14. Rhe1 Re6 15. Rxe6 fxe6 16. Ne4 d5 17. Nc5 Rxf2+ 18. Ke3 Rxc2 19. Nxa6 Rxg2 20. Nxc7 e5 21. Ne6 Kf7 22. Nd8+ Ke7 23. Nxc6+ Kd6 24. Nxa7 Rxb2 25. a4 Rxh2 26. a5 d4+ 27. Ke4 Rh3 28. Nb5+ Kc6 29. a6 Re3+ 30. Kf5 Rf3+ 31. Ke4 Rf8 32. a7 Ra8 33. Rb1 Re8 34. Nd6 Ra8 35. Nb5 Rd8 36. Kxe5 d3 37. Nd4+ 1-0